Mongolia's economic prospects : resource-rich and landlocked between two giants /

Bibliographic Details
Other Authors: Helble, Matthias, (Editor), Hill, Hal, 1948- (Editor), Magee, Declan, (Editor)
Format: eBook
Language:English
Published: Manila, Philippines : Asian Development Bank, [2020]
Subjects:
Online Access:Click to View
LEADER 01758nam a2200409 i 4500
001 EBC6450282
003 MiAaPQ
005 20210609172330.0
006 m o d |
007 cr cnu||||||||
008 210609s2020 ph a o 000 0 eng d
020 |z 9789292622480  |q (print) 
020 |z 9789292622497  |q (electronic bk.) 
035 |a (MiAaPQ)EBC6450282 
035 |a (Au-PeEL)EBL6450282 
035 |a (OCoLC)1162815441 
040 |a MiAaPQ  |b eng  |e rda  |e pn  |c MiAaPQ  |d MiAaPQ 
043 |a a-mp--- 
050 4 |a HC430.25  |b .M664 2020 
082 0 |a 330.95173  |2 23 
245 0 0 |a Mongolia's economic prospects :  |b resource-rich and landlocked between two giants /  |c edited by Matthias Helble, Hal Hill, and Declan Magee. 
264 1 |a Manila, Philippines :  |b Asian Development Bank,  |c [2020] 
264 4 |c 2020 
300 |a 1 online resource (xx, 296 pages) :  |b illustrations 
336 |a text  |b txt  |2 rdacontent 
337 |a computer  |b c  |2 rdamedia 
338 |a online resource  |b cr  |2 rdacarrier 
588 |a Description based on print version record. 
590 |a Electronic reproduction. Ann Arbor, MI : ProQuest, 2018. Available via World Wide Web. Access may be limited to ProQuest affiliated libraries. 
651 0 |a Mongolia  |x Economic conditions  |y 21st century. 
655 4 |a Electronic books. 
700 1 |a Helble, Matthias,  |e editor. 
700 1 |a Hill, Hal,  |d 1948-  |e editor. 
700 1 |a Magee, Declan,  |e editor. 
776 0 8 |i Print version:  |t Mongolia's economic prospects : resource-rich and landlocked between two giants.  |d Manila, Philippines : Asian Development Bank, c2020   |h xx, 296 pages   |z 9789292622480 
797 2 |a ProQuest (Firm) 
856 4 0 |u https://ebookcentral.proquest.com/lib/matrademy/detail.action?docID=6450282  |z Click to View